000 00745nam a2200193 a 4500
001 000026921
005 20200930030506.0
008 110328s1986 dr 000 0 spa d
040 _aDO-SdBNP
_bspa
_cBNPHU
082 _axxx
_bB933
245 0 3 _aLa bula in apostolatus culmine y su autenticidad /
_cpresentación Fernando Sánchez Martínez.
260 _aSanto Domingo, :
_bEditora Universitaria - UASD,
_c1986.
300 _a56 p. ;
_c21 cm.
490 1 _aArchivo histórico
_vno. 1
490 1 _aPublicaciones de la Universidad Autónoma de Santo Domingo
_v533
700 1 _aSánchez Martínez, Fernando
_97183
830 0 _aArchivo histórico
_nno. 1
_937454
830 0 _aPublicaciones de la Universidad Autónoma de Santo Domingo
_n533
_953766
999 _c26413
_d26413